Notes on developments in the preparation of raw rubber (Record no. 64072)

MARC details
000 -LEADER
fixed length control field 00314nam a2200121Ia 4500
100 ## - MAIN ENTRY--AUTHOR NAME
Personal name Davey W S
245 #0 - TITLE STATEMENT
Title Notes on developments in the preparation of raw rubber
260 ## - PUBLICATION, DISTRIBUTION, ETC. (IMPRINT)
Name of publisher IRI Transactions
Year of publication 1925
300 ## - PHYSICAL DESCRIPTION
Number of Pages 261-269
650 ## - SUBJECT ADDED ENTRY--TOPICAL TERM
Topical Term Raw rubber
942 ## - ADDED ENTRY ELEMENTS (KOHA)
Koha item type Journals
Holdings
Withdrawn status Lost status Damaged status Not for loan Home library Current library Shelving location Date acquired Serial Enumeration / chronology Koha item type
      Journals RRII Library RRII Library Rubber chemistry 17/12/2021 Volume 1, Issue 4 Journals